000 00288nam a22001337a 4500
008 170601b xxu||||| |||| 00| 0 eng d
020 _a1562569007
041 _aeng
080 _a94(100)
100 _a17
101 _aSHH
245 _aCLASSICAL AFRICA
_cASANTE,M.K
942 _2udc
_cBK
999 _c15421
_d15421